[Event "IECC KO email"]
[Site "IECC email"]
[Date "1999.10.24"]
[Round "?"]
[White "Burton West, Roger"]
[Black "Graus, Adrian"]
[Result "1-0"]
[WhiteElo "1006"]
[BlackElo "1043"]
[PlyCount "37"]
[EventDate "1999.??.??"]
[EventType "tourn (corr)"]
[EventRounds "6"]
[SourceTitle "Corr 2008"]
[Source "ChessBase"]
[SourceDate "2008.06.24"]
[SourceVersion "1"]
[SourceVersionDate "2008.06.24"]
[SourceQuality "1"]

1. c4 Nf6 2. g3 e6 3. Bg2 Bb4 4. Qb3 Nc6 5. Bxc6 Bxd2+ 6. Bxd2 bxc6 7. Nf3 d5 8. Bb4 Bd7 9. Nbd2 Rb8 10. Qa3 dxc4 11. Nxc4 Ne4 12. Nfe5 c5 13. Bxc5 Nxc5 14. Qxc5 f6 15. 0-0-0 fxe5 16. Nxe5 Rb5 17. Qxb5 Bxb5 18. Rxd8+ Kxd8 19. Nf7+ 1-0

[Event "IECC KO email"]
[Site "IECC email"]
[Date "1999.10.24"]
[Round "?"]
[White "Graus, Adrian"]
[Black "Burton West, Roger"]
[Result "1/2-1/2"]
[WhiteElo "1026"]
[BlackElo "1070"]
[PlyCount "61"]
[EventDate "1999.??.??"]
[EventType "tourn (corr)"]
[EventRounds "6"]
[SourceTitle "Corr 2008"]
[Source "ChessBase"]
[SourceDate "2008.06.24"]
[SourceVersion "1"]
[SourceVersionDate "2008.06.24"]
[SourceQuality "1"]

1. e4 e5 2. Nf3 Nc6 3. Bb5 a6 4. Ba4 d6 5. Nc3 b5 6. Bb3 Na5 7. 0-0 Nxb3 8. axb3 b4 9. Ne2 Nf6 10. d3 Bg4 11. Ng3 Be7 12. h3 Bd7 13. Re1 0-0 14. d4 exd4 15. Nxd4 Re8 16. Qf3 Kh8 17. Bg5 h6 18. Bxf6 Bxf6 19. c3 c5 20. Ndf5 Be5 21. Rad1 Qf6 22. Re3 bxc3 23. bxc3 Be6 24. c4 Rad8 25. Red3 Bxg3 26. Qxg3 Bxf5 27. exf5 Re5 28. Rd5 Rxf5 29. Rxf5 Qxf5 30. Rxd6 Qb1+ 31. Kh2 1/2-1/2

[Event "IECC O email"]
[Site "IECC email"]
[Date "1999.06.04"]
[Round "?"]
[White "Graus, Adrian"]
[Black "Rellias, Paul V"]
[Result "1-0"]
[WhiteElo "1030"]
[BlackElo "968"]
[PlyCount "51"]
[EventDate "1999.??.??"]
[EventType "tourn (corr)"]
[EventRounds "6"]
[SourceTitle "Corr 2008"]
[Source "ChessBase"]
[SourceDate "2008.06.24"]
[SourceVersion "1"]
[SourceVersionDate "2008.06.24"]
[SourceQuality "1"]

1. e4 e5 2. Nf3 Nc6 3. Bb5 Nb4 4. c3 Nd5 5. exd5 Nf6 6. 0-0 Bd6 7. Re1 0-0 8. Nxe5 Bxe5 9. Rxe5 c6 10. dxc6 bxc6 11. Ba4 d6 12. Re1 c5 13. d4 Nd7 14. Nd2 Rb8 15. Nc4 Qc7 16. Bf4 Nb6 17. Bxd6 Qb7 18. Nxb6 Rd8 19. Bxb8 Qxb6 20. Bg3 Qxb2 21. Qc2 Qb7 22. Re3 g6 23. Rae1 Qc7 24. Bxc7 Rd5 25. Re5 Rxe5 26. Bxe5 1-0